000 01039nam a2200289 i 4500
001 184680
003 ES-MaACL
005 20250828090949.0
007 t|
008 151113s1944 sp ||||1| spa d
080 _a371.04-053.7
080 _a371.03:28(04)
100 1 _aTóth, Tihamér.
_9111109
245 1 3 _aLa joven de porvenir /
_cMonseñor Dr. Tihamer Tóth ; [traductor D. Antonio Sancho ; adaptación, María Rosa Vilahur].
260 _aMadrid :
_bSociedad de Educación Atenas,
_c[1944]
300 _a199 p. ;
_c20 cm.
490 1 _aColección muchachas ;
_v4
505 8 _aContiene: La joven educada ; La joven estudiosa ; La joven bachiller
650 4 _aJóvenes-
_xEducación.
_912093
650 7 _aEducación cristiana
_2embne
_912090
700 1 _aSancho Nebot, Antonio,
_d1884-1961
_9103048
700 1 _aVilahur, María Rosa.
_9114764
710 2 _aSociedad de Educación Atenas
_96665
830 1 _aColección muchachas ;
_v4
_9192222
852 _aES-MaACL
_jE-3618
999 _c184680
_d184680